| 000 | 00910nam a22002897a 4500 | ||
|---|---|---|---|
| 001 | 8383 | ||
| 003 | FISKH | ||
| 005 | 20250910112710.0 | ||
| 008 | 250910b cb ||||| |||| 00| 0 eng d | ||
| 020 | _a9780545232562 | ||
| 040 |
_aFISKH _beng _cFISKH _dFISKH |
||
| 050 | _aQ143.F8 B28 | ||
| 082 | _a509.2 | ||
| 100 | _aBauer, Marion Dane | ||
| 245 |
_aBenjamin Franklin / _cby Marion Dane Bauer : Illustrated by Anthony Lewis |
||
| 260 |
_aNew York : _bScholastic , _c2010. |
||
| 300 |
_a32 unnumbered pages : _bcolor illustrations ; _c20 x 20 cm . |
||
| 490 | _aMy First Biography | ||
| 505 | _aS | ||
| 520 | _aA biography of the man, the scientist, the inventor, and the American historical figure. | ||
| 521 | 8 |
_a790
_bLexile |
|
| 521 | 8 |
_aS
_bRaz-Plus |
|
| 650 |
_aBiographies _vNon-fiction |
||
| 700 |
_aLewis, Anthony _eIllustrator |
||
| 942 |
_2ddc _cBK _n0 |
||
| 999 |
_c8383 _d8383 |
||